ევროპის ქვეყნები - Statistics

General Stats
  • This quiz has been taken 47 times
  • The average score is 21 of 46
Answers on the Map
Answers color-coded by a green-red scale on the quiz's map according to % correct below.
 
Answer Stats
Answer % Correct
რუსეთი
77%
იტალია
62%
კოსოვო
54%
მონაკო
54%
ავსტრია
54%
ესპანეთი
54%
გერმანია
54%
საფრანგეთი
54%
პოლონეთი
54%
სლოვაკეთი
54%
ლატვია
54%
უკრაინა
54%
ბელარუსი
54%
დიდი ბრიტანეთი
54%
საბერძნეთი
54%
ბელგია
46%
ბულგარეთი
46%
ესტონეთი
46%
ნორვეგია
46%
უნგრეთი
46%
ჩეხეთი
46%
ხორვატია
46%
ფინეთი
46%
ანდორა
46%
ნიდერლანდები
46%
ვატიკანი
46%
მალტა
46%
რუმინეთი
46%
ისლანდია
46%
ირლანდია
46%
შვედეთი
46%
ლიხტენშტაინი
46%
პორტუგალია
46%
მაკედონია
46%
მონტენეგრო
38%
დანია
38%
ბოსნია
38%
სან მარინო
38%
მოლდოვა
38%
კვიპროსი
38%
სერბეთი
38%
ლიეტუვა
38%
შვეიცარია
38%
ალბანეთი
31%
სლოვენია
31%
ლუქსემბურგი
15%
No matching quizzes found
Score Distribution
Percent of People with Each Score
Percentile by Number Answered
Your Score History
You have not taken this quiz